Cricket: Highest Individual Test Score by Batting Position - Statistics

General Stats
  • This quiz has been taken 40 times
  • The average score is 7 of 11
Answer Stats
For Against Year Position Score Answer % Correct
WI ENG 2004 3 400* Brian Lara
97%
AUS ZIM 2003 Opener 380 Matthew Hayden
94%
AUS IND 2012 5 329* Michael Clarke
89%
SL SA 2006 4 374 Mahela Jayawardene
83%
ENG SA 2016 6 258 Ben Stokes
78%
PAK ZIM 1996 8 257* Wasim Akram
78%
AUS ENG 2013 11 98 Ashton Agar
72%
AUS ENG 1937 7 270 Sir Donald Bradman
64%
ENG AUS 1938 Opener 364 Sir Len Hutton
61%
NZ IND 1990 9 173 Ian Smith
25%
ENG AUS 1884 10 117 Walter Read
6%
No matching quizzes found
Score Distribution
Percent of People with Each Score
Percentile by Number Answered
Your Score History
You have not taken this quiz